[Event "Krasnodar"]
[Site "Krasnodar"]
[Date "1995.??.??"]
[Round "8"]
[White "Beshukov, Sergei"]
[Black "Nadyrhanov, Sergey"]
[Result "0-1"]
[WhiteElo "2500"]
[BlackElo "2470"]
[Annotator "Belov,I"]
[PlyCount "92"]
[EventDate "1995.??.??"]
[EventType "tourn"]
[EventRounds "9"]
[EventCountry "RUS"]
[EventCategory "9"]
[SourceTitle "CBM 047 Extra"]
[Source "ChessBase"]
[SourceDate "1995.09.01"]
[SourceVersion "1"]
[SourceVersionDate "1995.09.01"]
[SourceQuality "1"]

1. d4 Nf6 2. Bg5 c5 3. Bxf6 gxf6 4. d5 Qb6 5. Qc1 f5 6. g3 Bg7 (6... d6 7. Bg2
Nd7 8. Nh3 Nf6 (8... Bg7 $5) 9. Nd2 Bg7 10. O-O O-O $13 {Ashley,M-Gurevich,I/
New York/1994/0:1/59/}) 7. c3 d6 8. e3 (8. Bh3 e6 9. Nf3 Nd7 10. Nbd2 Nf6 11.
c4 Bd7 12. O-O O-O $10 {Hodgson,J-Alterman,B/Pardubice/1993/0:1/60/}) (8. Nd2
O-O 9. Nh3 Nd7 10. Nc4 Qa6 11. Qf4 Nf6 12. Bg2 Ne4 13. Ne3 e6 $13 {Conguest,
S-Panno,O/Buenos Aires/1994/1:0/36/}) 8... Nd7 9. Nh3 Nf6 10. Bc4 $6 (10. Nf4
e5 11. dxe6 fxe6 12. Bg2 O-O 13. O-O Bd7 $10) 10... e5 $5 (10... O-O 11. Nf4
Re8 12. Qc2 Bd7 13. O-O Qc7 14. a4 $14) (10... e6 $5 11. dxe6 fxe6 12. O-O O-O
13. Nd2 d5 $15) 11. Ng5 (11. O-O f4 12. Ng5 h6 13. Nf3 e4 14. Nfd2 f3 $15)
11... Bd7 12. Nd2 Qd8 13. a4 Ng4 14. Ngf3 O-O 15. h3 (15. O-O b6 (15... a6 16.
a5) 16. Qc2 a6 17. Be2 b5 $15) 15... Nh6 16. Qc2 Kh8 17. Bb5 Bc8 $5 (17... Bxb5
18. axb5 Qd7 19. c4 e4 20. Nh4 $14) 18. O-O-O $5 (18. O-O f4 19. Kh2 fxg3+ 20.
fxg3 f5 $15) 18... a6 19. Be2 Bd7 20. Rdg1 e4 21. Nh4 (21. Ne1 $5 b5 22. g4 b4
23. gxf5 bxc3 24. bxc3 Qa5 25. Rxg7 Kxg7 26. f6+ $13) 21... b5 22. Ng2 b4 23.
Nc4 (23. c4 b3 $1 24. Qd1 Qa5 $17) 23... Bb5 $1 24. g4 (24. axb5 axb5 25. Kd2 (
25. Nd2 Ra1+ 26. Nb1 bxc3 27. bxc3 Qa5 $19) 25... bxc3+ 26. bxc3 bxc4 27. Bxc4
Ra3 $19) 24... bxc3 25. b3 $6 (25. bxc3 Bxc4 26. Bxc4 Qa5 27. Kd2 Rab8 28. g5
Ng8 (28... Bxc3+ 29. Qxc3+) 29. Nf4 Ne7 30. Rb1 $13) 25... Bxc4 26. Bxc4 Qe7 (
26... Qa5 27. Nf4 Qb4 28. Kd1 $13) 27. Nf4 Be5 28. g5 Ng8 29. Nh5 Qb7 30. f4 (
30. Kd1 $5 Qb4 31. Ke2 Qa3 32. f4 $13) 30... exf3 31. Qxf5 Ne7 32. Qxf3 $6 (32.
Qc2 Qb4 33. Rf1 Qa3+ 34. Kd1 $13) 32... Qb4 $17 33. Kc2 (33. Qe2 Qa3+ 34. Kb1
c2+ 35. Kxc2 Qb2+ 36. Kd3 (36. Kd1 Qa1+ 37. Kd2 Qc3+ 38. Kd1 Rab8 $17) 36...
Qc3+ 37. Ke4 Ng6 38. Kf3 Rae8 $17) 33... Qa3 34. Kd3 Rab8 35. Qd1 Ng6 36. Qc2
Bg7 37. Nxg7 (37. Ke2 Rfe8 (37... Ne5 38. Qxc3 $1) 38. Kf2 Qb2 39. Rc1 Ne5 $17)
37... Ne5+ $1 38. Ke4 (38. Ke2 Nxc4 39. bxc4 Rb2 $19) 38... Nxc4 39. Nf5 $6 (
39. bxc4 Kxg7 40. Rc1 Rb3 41. Kd3 Re8 $17) 39... Rxb3 40. Rc1 Re8+ 41. Kf4 Rb2
$1 42. Qd3 (42. Qxc3+ Qxc3 43. Rxc3 Rf2+ 44. Kg3 (44. Kg4 Re4+ 45. Kg3 Rxf5 $19
) 44... Rxf5 45. Rxc4 Rxg5+ 46. Kf4 Rxd5 $19) 42... Ne5 43. Qf1 Rf2+ $1 44.
Qxf2 Nd3+ $19 45. Kf3 Nxf2 46. Kxf2 Qa2+ 0-1

[Event "Krasnodar"]
[Site "Krasnodar"]
[Date "1995.??.??"]
[Round "6"]
[White "Aleksandrov, Aleksej"]
[Black "Nadyrhanov, Sergey"]
[Result "1-0"]
[WhiteElo "2510"]
[BlackElo "2470"]
[Annotator "Belov,I"]
[PlyCount "115"]
[EventDate "1995.??.??"]
[EventType "tourn"]
[EventRounds "9"]
[EventCountry "RUS"]
[EventCategory "9"]
[SourceTitle "CBM 047 Extra"]
[Source "ChessBase"]
[SourceDate "1995.09.01"]
[SourceVersion "1"]
[SourceVersionDate "1995.09.01"]
[SourceQuality "1"]

1. d4 Nf6 2. Bg5 c5 3. Bxf6 gxf6 4. d5 Qb6 5. Qc1 f5 6. c4 Bg7 7. Nc3 d6 (7...
Qb4 8. e3 d6 9. f4 $1 Nd7 10. Nf3 Nb6 11. Nd2 Bd7 12. Bd3 $14 {Hodgson,
J-Schlosser,P/Horgen SKA/1994/1:0/33/}) 8. e3 Nd7 9. Qd2 (9. Nge2 Nf6 10. Ng3
h5 11. Bd3 e6 12. Qc2 Bd7 13. Nge2 O-O-O $10 {Gurevich,M-Alterman,B/Haifa/1995/
0:1/32/}) 9... Nf6 (9... Qb4 10. Rc1 Nb6 11. b3 a5 12. Bd3 a4 13. Nge2 axb3 14.
axb3 Ra3 15. Bc2 Bd7 16. Nb1 Qxd2+ 17. Kxd2 Ra8 $10 {Aleksandrov,A-Neverov,V/
Nikolaev zt/1995/1:0/40/}) 10. f3 e5 (10... Bd7 11. Bd3 e6 12. Nge2 O-O $10)
11. Bd3 h5 12. Nge2 Bh6 13. Qc2 $5 (13. O-O Rg8 14. f4 e4 15. Bc2 Bd7 16. Rab1
Qd8 $13) 13... Bxe3 14. Bxf5 Bxf5 15. Qxf5 Qxb2 16. Rb1 Qd2+ 17. Kf1 Rh6 $8 18.
Rd1 $1 (18. Rxb7 $6 Rg6 19. Qb1 Kf8 20. Rxf7+ Kxf7 21. Qb7+ Kg8 22. Qxa8+ Kh7
23. Qb7+ Kh6 24. Qb1 Bd4 25. Qe1 Qb2 $17) 18... Qb2 19. Qd3 Bd4 (19... Bg5 20.
Rb1 Qa3 21. Rxb7 Kf8 22. Qc2 $14) 20. Rb1 Qa3 21. Qd2 $1 (21. Rxb7 e4 22. fxe4
Ng4 23. Rb3 Rf6+ 24. Ke1 Qa5 $36) 21... Rg6 (21... Rh8 $2 22. Nb5 $18) 22. Nb5
Qa4 23. Nc7+ Kf8 24. Nxa8 Ne4 $1 25. Qd3 $8 (25. fxe4 $2 Rf6+ 26. Ke1 Bf2+ 27.
Kf1 Be3+ 28. Ke1 Bxd2+ 29. Kxd2 Rf2 30. Rb2 Qxc4 $19) 25... Nf2 26. Qb3 Qa5 (
26... Qxb3 27. Rxb3 Nxh1 28. Nxd4 cxd4 29. Kg1 $18) 27. Nxd4 cxd4 28. Qb5 (28.
Kxf2 $2 Qd2+ 29. Kf1 Rxg2 $19) 28... Qxa2 (28... Qc3 29. Qb2 Qd3+ (29... Nxh1
30. Qxc3 dxc3 31. Kg1 Rf6 32. Rc1 e4 33. Kxh1 exf3 34. Kg1 $18) 30. Kxf2 Qe3+
31. Kf1 e4 32. Re1 Qd3+ 33. Qe2 $18) 29. Qb2 $1 Qxb2 30. Rxb2 Nxh1 31. Kg1 $18
e4 $5 (31... b6 32. Kxh1 Ke7 33. Nc7 $18) 32. fxe4 Rg4 33. Kxh1 Rxe4 34. Kg1 d3
35. Kf2 Rxc4 36. Rxb7 (36. Ke3 $2 Rc8 $17) 36... Rd4 37. Ke1 d2+ 38. Kd1 Rxd5
39. Rb2 Rc5 40. Ra2 (40. Rb8+ $6 Kg7 41. Kxd2 Rg5 42. g3 h4 43. Rb3 hxg3 44.
hxg3 Rc5 45. Rb8 Rg5 $10) 40... Rc8 41. Rxa7 Rc1+ 42. Kxd2 Rg1 43. g3 Rg2+ (
43... h4 44. gxh4 (44. Ra3 Rg2+ 45. Ke1 Rxh2 46. g4 Rg2 47. Ra4 h3 $10) 44...
Rg4 45. Ke3 Rxh4 46. Ra2 Kg7 47. Kf3 $18) 44. Ke3 Rxh2 45. Ra4 Kg7 46. Rh4 Rxh4
47. gxh4 Kf6 48. Kf4 d5 49. Nc7 d4 50. Nd5+ Kg7 51. Ke4 Kg6 52. Nf4+ Kf6 53.
Nxh5+ Kg6 54. Nf4+ Kf6 55. Kxd4 Kf5 56. Ke3 Kg4 57. h5 Kg5 58. Ke4 1-0

[Event "Sonnevanck 1st"]
[Site "Wijk aan Zee"]
[Date "1987.10.11"]
[Round "9"]
[White "Berg, Klaus"]
[Black "Armas, Julius"]
[Result "0-1"]
[WhiteElo "2350"]
[BlackElo "2325"]
[Annotator "Bulletin"]
[PlyCount "62"]
[EventDate "1987.10.02"]
[EventType "tourn"]
[EventRounds "9"]
[EventCountry "NED"]
[EventCategory "3"]
[SourceTitle "EXT 2008"]
[Source "ChessBase"]
[SourceDate "2007.11.25"]
[SourceVersion "1"]
[SourceVersionDate "2007.11.25"]
[SourceQuality "1"]

1. d4 Nf6 2. Bg5 Ne4 3. Bh4 c5 4. f3 g5 5. fxe4 gxh4 6. e3 Bh6 7. Qh5 Bxe3 8.
Nf3 Nc6 9. Nbd2 Qa5 $6 10. Bc4 e6 11. d5 Nd4 12. c3 Bxd2+ 13. Nxd2 $5 Nc2+ 14.
Ke2 Nxa1 15. d6 $6 (15. dxe6 dxe6 16. Qe5) (15. e5 $1 {nebst 16. Se4}) 15... b5
16. Bd5 Rb8 17. Rxa1 Qb6 $1 18. Rf1 Qxd6 19. Qxf7+ Kd8 20. Qf6+ Kc7 21. Qxh8
exd5 22. Rf8 $2 ({Stärker war} 22. e5 Qg6 23. Qf8) 22... Qxh2 23. Nf3 Qxg2+ 24.
Ke3 dxe4 25. Qe5+ d6 26. Qxe4 Bd7 27. Rf7 Qxb2 28. Qxh7 Re8+ 29. Re7 Qxc3+ 30.
Kf2 Qb2+ 31. Kg1 Rxe7 0-1

[Event "AUT-ch"]
[Site "Lienz"]
[Date "1981.08.03"]
[Round "3"]
[White "Roehrl, Karl"]
[Black "Wittmann, Walter"]
[Result "0-1"]
[WhiteElo "2320"]
[BlackElo "2380"]
[Annotator "Bulletin"]
[PlyCount "136"]
[EventDate "1981.08.01"]
[EventType "tourn"]
[EventRounds "15"]
[EventCountry "AUT"]
[EventCategory "2"]
[SourceTitle "EXT 1998"]
[Source "ChessBase"]
[SourceDate "1997.11.17"]
[SourceVersion "1"]
[SourceVersionDate "1997.11.17"]
[SourceQuality "1"]

1. d4 Nf6 2. Bg5 {Ein Störzug, doch schon alles.} c5 {Die sofortige
Gegenattacke erachtet man als stärkste Erwiderung. Nur optisch gut ist 2...Se4
3.Lh4.} 3. dxc5 {3.d5 Db6 4.Dc1 d6 ist nicht angenehm für Weiß.} Na6 4. Qd4 {
Das ist bestimmt ganz schlehct. Angezeigt war} (4. Nc3 e6 5. e3 {mit
verteidigungsfähiger Stellung.}) 4... e6 5. e3 Bxc5 6. Qa4 Qb6 7. Nd2 Qxb2 8.
Rb1 Qa3 9. Qxa3 Bxa3 10. Bxa6 bxa6 11. Ngf3 a5 12. Nd4 Ba6 13. Nb5 Bxb5 14.
Rxb5 Bb4 15. Bxf6 gxf6 16. Ke2 Ke7 17. c4 f5 18. Nf3 Rhc8 19. Rb7 Rxc4 20.
Rxd7+ Kxd7 21. Ne5+ Ke7 22. Nxc4 Rc8 23. Kd3 e5 {[#] Einen solch wertvollen
Mittelbauern zu opfern, ist nicht jedermanns Sache. Mit Feingefühl erkannt der
Anziehende jedoch die der Annahme folgenden Konse- quenzen.} 24. Nxe5 {Warum
nicht? Oder sollte nicht doch besser} (24. f3 {Wenn hierauf} e4+ 25. fxe4 fxe4+
26. Kd4 f5 {so kaltblütig} 27. g4 {und wie geht's nut weiter?}) 24... Rc3+ 25.
Kd4 Rc2 26. Nd3 Rxa2 27. Rc1 {Naheliegend, doch zu versuchen war 27.h3 nebst
28.g4.} Bd6 28. Rb1 a4 29. Rb7+ Kf8 30. Rxa7 a3 31. Kc3 Be7 32. Kb3 Rd2 33. Kc3
Rd1 34. Kc2 $2 {Dies verliert endgültig. Mit 34.g3 war die Partie
wahrscheinlich noch zu retten.} Rh1 35. g3 Rxh2 36. Ra8+ Kg7 37. Ra7 Bd6 38.
Ra6 Bxg3 39. Rxa3 Bxf2 40. Nxf2 Rxf2+ 41. Kd1 h5 {Die Partie ist theoretisch
gewonnen, die Gewinnführung ein Lehrbeispiel.} 42. Ke1 Rb2 43. Ra4 Kg6 44. Kf1
f6 45. Ra5 h4 46. Rc5 h3 47. Kg1 Rg2+ 48. Kh1 Rg3 49. Kh2 Rxe3 50. Rc7 f4 51.
Rc5 Rg3 52. Ra5 f5 53. Ra8 Re3 54. Rh8 Kg5 55. Rg8+ Kh4 56. Rh8+ Kg4 57. Rg8+
Kf3 58. Ra8 Kf2 59. Ra5 f3 60. Kxh3 f4 61. Kh2 Kf1 62. Ra1+ Re1 63. Ra2 f2 64.
Ra4 Re7 {Dies gewinnt, auch ohne Bf4 immer.} 65. Ra1+ Ke2 66. Ra2+ Kf3 67. Ra3+
Re3 68. Ra4 f1=R {Selbstverständlich konnte man sich auch eine Dame aufstellen,
denn 69.Txf4 Ke2 ist nicht patt! [IM A. Beni]} 0-1

[Event "BCF-ch 82nd"]
[Site "Swansea"]
[Date "1995.??.??"]
[Round "2"]
[White "Cooper, Lawrence"]
[Black "Ward, Christopher"]
[Result "1/2-1/2"]
[WhiteElo "2315"]
[BlackElo "2500"]
[Annotator "Bulletin"]
[PlyCount "36"]
[EventDate "1995.08.??"]
[EventType "swiss"]
[EventRounds "11"]
[EventCountry "WLS"]
[SourceTitle "EXT 1997"]
[Source "ChessBase"]
[SourceDate "1996.11.15"]
[SourceVersion "1"]
[SourceVersionDate "1996.11.15"]
[SourceQuality "1"]

1. d4 Nf6 2. Bg5 Ne4 3. Bf4 d5 4. f3 Nf6 5. Nc3 Nh5 {"Bizarre" - Martin. "The
heat was getting to all the players today, not just these two" - Pein.} 6. Bg5
h6 7. Bh4 c5 8. e3 (8. dxc5 {After the game Ward showed} d4 9. Ne4 Nc6 10. g4
g5 11. Bf2 Nf4 $13) 8... g5 9. Bf2 cxd4 10. exd4 Nf6 11. Bd3 Nc6 {[#] Black's
zany ideas have worked out quite well. White did not like 12.Nge2 Nb4 so he
played} 12. a3 {But this was met by} a6 {Not wishing to be outdone White
replied} 13. h3 b5 14. Na2 Bg7 15. Nb4 Qd6 16. Nxc6 Qxc6 17. Ne2 Bd7 18. c3 a5
{and just when it was getting interesting, and, very hot in the tournament
hall a draw was agreed.} 1/2-1/2

[Event "Manresa op"]
[Site "Manresa"]
[Date "1995.??.??"]
[Round "6"]
[White "Mellado Trivino, Juan"]
[Black "Vidarte Morales, Arturo"]
[Result "1/2-1/2"]
[WhiteElo "2460"]
[BlackElo "2355"]
[Annotator "Bulletin"]
[PlyCount "40"]
[EventDate "1995.??.??"]
[EventType "swiss"]
[EventRounds "9"]
[EventCountry "ESP"]
[SourceTitle "EXT 1998"]
[Source "ChessBase"]
[SourceDate "1997.11.17"]
[SourceVersion "1"]
[SourceVersionDate "1997.11.17"]
[SourceQuality "1"]

1. d4 Nf6 2. Bg5 Ne4 3. Bf4 c5 4. f3 Nf6 5. d5 d6 6. e4 g6 7. Nc3 Bg7 8. Qd2
O-O 9. Bh6 e6 10. O-O-O exd5 11. Bxg7 Kxg7 12. Nxd5 Be6 13. Nf4 Bxa2 14. b3 a5
15. Qxd6 (15. Kb2 a4 16. Kxa2 axb3+ 17. Kxb3 Qb6+ $19) 15... Qxd6 16. Rxd6 a4
17. Kb2 axb3 18. cxb3 Nc6 19. Nge2 (19. Bc4 Nd4 20. Nge2 b5 21. Nxd4 bxc4)
19... c4 20. bxc4 Bxc4 1/2-1/2

[Event "URS-ch46 First League"]
[Site "Ashkhabad"]
[Date "1978.??.??"]
[Round "15"]
[White "Alburt, Lev O"]
[Black "Beliavsky, Alexander G"]
[Result "1/2-1/2"]
[WhiteElo "2510"]
[BlackElo "2545"]
[Annotator "Bulletin"]
[PlyCount "60"]
[EventDate "1978.10.??"]
[EventType "tourn"]
[EventRounds "17"]
[EventCountry "URS"]
[EventCategory "10"]
[SourceTitle "MCL"]
[Source "ChessBase"]
[SourceDate "1999.07.01"]
[SourceVersion "1"]
[SourceVersionDate "1999.07.01"]
[SourceQuality "1"]

1. d4 Nf6 2. Bg5 Ne4 3. Bh4 c5 4. f3 g5 (4... Nf6 $1 5. Bxf6 gxf6 6. d5 Bh6 $15
) 5. fxe4 gxh4 6. e3 Qb6 7. Nc3 e6 (7... Qxb2 $13) 8. a3 d6 (8... Qxb2 $2 9.
Na4) 9. Nf3 Bd7 10. b4 cxd4 11. Qxd4 (11. exd4 Bg7 {P c6}) 11... Rg8 12. Nb5
Bxb5 13. Qxb6 axb6 14. Bxb5+ Ke7 15. Kf2 Bg7 16. Ra2 Bc3 17. Rb1 Nd7 18. h3 Ne5
19. Nxh4 Rgc8 $10 20. Rb3 Rc7 21. Be2 Rd8 22. Nf3 Nxf3 23. Bxf3 Be5 24. Be2 Rc3
25. Rb1 Rg8 26. g4 Bf6 27. Bd3 h5 28. Rg1 hxg4 29. Rxg4 Rxg4 30. hxg4 Rc8
1/2-1/2

[Event "Saint Louis Showdown Basque 1"]
[Site "Saint Louis"]
[Date "2015.11.12"]
[Round "1.2"]
[White "Nakamura, Hikaru"]
[Black "Caruana, Fabiano"]
[Result "1/2-1/2"]
[WhiteElo "2793"]
[BlackElo "2787"]
[Annotator "CB"]
[PlyCount "77"]
[EventDate "2015.11.12"]
[EventType "match"]
[EventRounds "1"]
[EventCountry "USA"]
[SourceTitle "CBM 169 Extra"]
[Source "ChessBase"]
[SourceDate "2015.12.18"]
[SourceVersion "1"]
[SourceVersionDate "2015.12.18"]
[SourceQuality "1"]

1. d4 Nf6 2. Bg5 {The Trompowsky! A rare guest in GM games.} e6 3. e4 h6 4.
Bxf6 Qxf6 5. Nc3 Bb4 6. Qd2 d6 7. a3 Ba5 8. Nge2 Nc6 {This is probably why the
Trompowsky is a rare gues in GM games. I like Black already, he has the pair
of bishops and White's central position doesn't impress me to the point where
it would be compensation.} 9. Rd1 O-O 10. f4 e5 $1 {A very standard break on
the center. White's position is underdeveloped and his dark squares are going
to suffer without his bishop of that square.} 11. dxe5 dxe5 12. b4 Bb6 13. f5
Ne7 $2 {This was definitely not the way to punish White's play.} (13... Rd8 $1
14. Nd5 Qh4+ 15. Ng3 Nd4 $1 {with a big, big initiative all over the board.})
14. Na4 Qh4+ 15. Ng3 g6 16. fxg6 Nxg6 (16... fxg6 $15 {made much more sense,
opening the f-file and making it difficult for White to castle.}) 17. Be2 Nf4
18. Bf3 Be6 (18... Qg5 $1 19. Nxb6 axb6 20. Qc3 h5 $1 {with an initiative.})
19. Nxb6 cxb6 20. O-O Qg5 21. Kh1 Rfd8 22. Qf2 Rxd1 23. Rxd1 Ng6 24. Nf1 Rd8 {
Black exchanges rooks, good enough for equality but he is no longer thinking
of an advantage.} 25. Rxd8+ Qxd8 26. Qd2 Qxd2 27. Nxd2 Ne7 28. Kg1 Nc8 29. Kf2
Nd6 30. Be2 f6 31. Bd3 Kf7 32. Ke3 {It's impossible for either side to make
any real progress here.} Ke7 33. h3 Kf7 34. c4 Ke7 35. Be2 Nf7 36. Nf1 Nd6 37.
Nd2 Nf7 38. Nf1 Nd6 39. Nd2 1/2-1/2

[Event "Snowdrops-Old Hands"]
[Site "Podebrady"]
[Date "2013.12.02"]
[Round "3.4"]
[White "Muzychuk, Mariya"]
[Black "Uhlmann, Wolfgang"]
[Result "1-0"]
[WhiteElo "2491"]
[BlackElo "2334"]
[Annotator "CB"]
[PlyCount "61"]
[EventDate "2013.11.30"]
[EventType "schev"]
[EventRounds "8"]
[EventCountry "CZE"]
[SourceTitle "CBM 157 Extra"]
[Source "ChessBase"]
[SourceDate "2013.12.19"]
[SourceVersion "1"]
[SourceVersionDate "2013.12.19"]
[SourceQuality "1"]
[WhiteTeam "Snowdrops"]
[BlackTeam "Old Hands"]
[WhiteClock "0:04:00"]
[BlackClock "0:13:12"]

1. d4 Nf6 2. Bg5 e6 3. e4 h6 4. Bxf6 Qxf6 5. Nc3 d6 6. Qd2 g6 7. O-O-O Bg7 8.
f4 O-O 9. Nf3 Qe7 10. h4 h5 11. e5 b6 12. Ne4 Bb7 13. Bd3 Nc6 14. g4 hxg4 15.
Nfg5 Nxd4 16. h5 dxe5 17. hxg6 f5 18. Qh2 Rfe8 19. fxe5 fxe4 20. Nxe4 Bxe4 21.
Bxe4 Qg5+ 22. Kb1 Rad8 $2 (22... Qxe5 {was good for a win for Black.}) 23. Qh7+
Kf8 24. Rdf1+ Nf5 25. Bxf5 exf5 26. Rh5 Rd1+ 27. Rxd1 Qf4 28. c3 Qe4+ 29. Ka1
Qxe5 30. a3 g3 31. Rf1 1-0

[Event "Politiken Cup 18th"]
[Site "Copenhagen"]
[Date "1996.??.??"]
[Round "3"]
[White "Hodgson, Julian M"]
[Black "Wells, Peter K"]
[Result "1/2-1/2"]
[WhiteElo "2615"]
[BlackElo "2495"]
[Annotator "Chekhov,V"]
[PlyCount "78"]
[EventDate "1996.06.??"]
[EventType "swiss"]
[EventRounds "11"]
[EventCountry "DEN"]
[SourceTitle "CBM 054"]
[Source "ChessBase"]
[SourceDate "1996.10.01"]
[SourceVersion "1"]
[SourceVersionDate "1996.10.01"]
[SourceQuality "1"]

1. d4 Nf6 2. Bg5 Ne4 3. Bf4 c5 4. f3 Qa5+ 5. c3 Nf6 6. d5 Qb6 7. Bc1 e6 8. c4
exd5 9. cxd5 c4 $6 (9... d6 $5) 10. e3 (10. e4 $5 Bc5 11. Nh3 d6 12. Bxc4 Bxh3
13. gxh3 O-O 14. Nc3 Nbd7 15. Kf1 a6 16. Na4 Qc7 17. Nxc5 Nxc5 18. Be2 Rae8 19.
Rg1 $16 {Gurevich,M-Kochyev,A/Sverdlovsk/1984/1|0/43/}) 10... Bc5 11. Kf2 O-O
12. Bxc4 d6 (12... Re8 13. Qb3 $16) 13. Ne2 Nbd7 (13... Re8 $5 14. Qb3 Nbd7 15.
Rd1 Qd8 16. Nbc3 a6 $44) 14. Nbc3 Ne5 (14... Re8 15. Nd4 Bxd4 16. Qxd4 Qxd4 17.
exd4 Nb6 18. Bb3 $16) 15. Na4 (15. Bb3 Bf5 16. Na4 Qb4 $44) 15... Qb4 16. b3 (
16. Bb3 Bf5 17. Nxc5 Qxc5 $44) 16... Nxc4 17. bxc4 Qxc4 18. Nxc5 Qxc5 19. Nf4
Re8 20. Re1 (20. Qd3 $5 g5 21. Ba3 Qa5 22. Ne2 Nxd5 23. e4 Qb6+ $13) 20... g5
21. Nd3 Qb6 (21... Qxd5 22. Bb2 $36) 22. Qb3 Qxb3 23. axb3 Nxd5 24. Ra5 (24. e4
Nc7 25. Bxg5 Be6 26. b4 Kg7 $14) 24... Be6 25. e4 Ne7 26. Rxg5+ Ng6 27. f4 f6
28. Rb5 (28. Rg3 f5) 28... Rac8 $1 (28... Bc8 29. f5 Ne5 30. Nf4 $16) 29. f5
Rc2+ 30. Kf1 (30. Re2 $2 Rxe2+ 31. Kxe2 Bd7 32. Rxb7 Rxe4+ 33. Kf3 Bxf5) 30...
Bd7 31. Rxb7 Bc6 32. Rc7 Nh4 33. Rxc6 (33. Re2 Rxe2 34. Kxe2 Bxe4 $36) 33...
Rxc6 34. Nb4 Rxc1 (34... Rcc8 35. Bf4 a5 36. Nd5 Kf7 37. Bg3 $16) 35. Rxc1 Rxe4
36. Nd5 Re5 37. Nxf6+ Kg7 38. Ng4 (38. Nh5+ Kh6 39. g4 (39. Ng3 Nxf5 $10) 39...
Nxf5 $1 $10) 38... Rxf5+ 39. Kg1 Rb5 1/2-1/2

[Event "New York op"]
[Site "New York"]
[Date "1998.03.19"]
[Round "6"]
[White "Benjamin, Joel"]
[Black "Shliperman, Igor"]
[Result "1/2-1/2"]
[WhiteElo "2595"]
[BlackElo "2425"]
[Annotator "ChessBase"]
[PlyCount "128"]
[EventDate "1998.03.16"]
[EventType "swiss"]
[EventRounds "9"]
[EventCountry "USA"]
[SourceTitle "CBM 064"]
[Source "ChessBase"]
[SourceDate "1998.06.02"]
[SourceVersion "1"]
[SourceVersionDate "1998.06.02"]
[SourceQuality "1"]

1. d4 Nf6 2. Bg5 e6 3. e4 h6 4. Bxf6 Qxf6 5. Qd2 e5 6. Nc3 Bb4 7. dxe5 Qxe5 8.
Nge2 d6 9. f4 Qf6 10. Ng3 Nc6 11. Bd3 h5 12. Nge2 Bg4 13. a3 Bxe2 14. Bxe2 Ba5
15. Rd1 Bb6 16. Na4 O-O-O 17. Nxb6+ axb6 18. c3 Qh4+ 19. g3 Qe7 20. Qd5 h4 21.
Kf2 Rh6 22. Bf3 Rdh8 23. a4 f6 24. b4 g5 25. a5 hxg3+ 26. hxg3 bxa5 27. bxa5
Rxh1 28. Rxh1 Rxh1 29. Bxh1 gxf4 30. gxf4 Qh7 31. Bg2 Nd8 32. Kg3 Qg7+ 33. Kh2
Qh6+ 34. Bh3+ Kb8 35. Kg3 Ka7 36. Qd4+ Kb8 37. Qd5 Ka7 38. Qg8 Nc6 39. Qf7 Kb8
40. Qe8+ Ka7 41. Qe6 Kb8 42. a6 Qh8 43. axb7 Nd8 $4 {Stohl: The game hardly
could have gone 43...Sd8?? 44.Dd7?? (44.Dc8+ mates) 44...Sxb7. It's impossible
to say what really happened.} (43... Na7 44. Qd7 Kxb7 45. Be6 Qh1) 44. Qd7 $4
Nxb7 45. Be6 Qh1 46. Qe8+ Ka7 47. Bd5 f5 48. Qa4+ Kb8 49. Qb5 Qe1+ 50. Kg2 Qd2+
51. Kh3 Qe3+ 52. Kh4 Qxf4+ 53. Kh5 Qg4+ 54. Kh6 Qh4+ 55. Kg6 Qg4+ 56. Kf6 Qh4+
57. Kxf5 Qh5+ 58. Kf4 Qe5+ 59. Kg4 Qg7+ 60. Kf5 Qe5+ 61. Kg6 Qg3+ 62. Kf7 Qf4+
63. Ke8 Qe5+ 64. Kf7 Qf4+ 1/2-1/2

[Event "Biel MTO op"]
[Site "Biel"]
[Date "1990.??.??"]
[Round "7"]
[White "Bellon Lopez, Juan Manuel"]
[Black "Schmidt, Wlodzimierz"]
[Result "1/2-1/2"]
[WhiteElo "2475"]
[BlackElo "2455"]
[Annotator "ChessBase"]
[PlyCount "69"]
[EventDate "1990.07.??"]
[EventType "swiss"]
[EventRounds "11"]
[EventCountry "SUI"]
[SourceTitle "EXT 2000"]
[Source "ChessBase"]
[SourceDate "1999.11.16"]
[SourceVersion "1"]
[SourceVersionDate "1999.11.16"]
[SourceQuality "1"]

1. d4 Nf6 2. Bg5 Ne4 3. Bh4 c5 4. f3 g5 5. fxe4 gxh4 6. e3 Bh6 7. Bc4 $5 {
[7.Kf2]} e6 (7... Bxe3 $2 8. Bxf7+ Kxf7 9. Qf3+ {[7...Qb6!]}) 8. Qh5 Qg5 (8...
Bxe3 9. Nf3) 9. Qxg5 Bxg5 10. Nc3 $1 (10. Kf2 $2 cxd4 11. exd4 Bc1 $19) 10...
Bxe3 11. Nb5 Kd8 (11... Na6 12. c3) 12. Nf3 a6 13. Nd6 Ke7 14. e5 $1 (14. dxc5
Bxc5 15. e5 {[15.Nxc8 Kxc8]} Bxd6 16. exd6+ Kxd6 17. Ng5 Ke7 18. O-O f6 $19)
14... cxd4 15. c3 Nc6 (15... dxc3 16. bxc3 Nc6 17. Rf1 {[17.g3!?]} Bc5 18. Rd1)
16. Rf1 Rf8 (16... f5 $6 17. g3 hxg3 18. hxg3) 17. cxd4 Bxd4 (17... Nxd4 $2 18.
Rd1 $1) 18. Nxd4 Nxd4 19. O-O-O Nc6 20. Rfe1 (20. Rde1 $2 f6) 20... f6 21.
exf6+ Rxf6 22. Re4 $1 e5 $1 (22... Rh6 23. Nf5+) 23. Rxh4 Nd4 $1 24. Nf7 (24.
Ne4 Rc6 25. Rxh7+ Kd8) 24... Rxf7 25. Bxf7 Kxf7 26. Rf1+ $1 Ke6 (26... Kg6 $2
27. Rg4+ Kh5 28. Rg8) 27. Rf8 b5 28. Rh6+ Ke7 $1 (28... Kd5 29. Rxh7 Bb7 30.
Rxa8 Bxa8 31. Rxd7+) 29. Rh8 Bb7 30. R8xh7+ Kd8 31. Rh8+ Ke7 32. R8h7+ Kd8 33.
Rh8+ Ke7 34. R8h7+ Kd8 35. Rh8+ 1/2-1/2